Spravodaj TAZ noviny zamestnancov TAZ a. s. Trnava
| Format: | Journal |
|---|---|
| Language: | Slovak |
| PhysicalDescription: | 8 zv. 30 cm |
| Published: |
Trnava
VedenieTAZ a ZV ZZO OH KOVO
[1990-1997]
Trnava Vedenie TAZ SIPOX a ZV ZZO OH KOVO Trnava Vedenie TAZ SIPOX Trnava Vedenie TAZ |
| Subjects: |
MARC
| LEADER | 00000cas a2200000 a 4500 | ||
|---|---|---|---|
| 001 | vtls009551924 | ||
| 003 | SK-MaSNL | ||
| 005 | 20260228161142.0 | ||
| 008 | 090627d19901997xo mr p 0 0slo | ||
| 035 | |a TNKK023974 | ||
| 040 | |a TTKJF |b slo |c TTKJF |d SNK |e AACR2 | ||
| 041 | 0 | |a slo | |
| 044 | |a xo |c SK | ||
| 072 | 7 | |a 629 |x Dopravné prostriedky |2 konspekt | |
| 080 | |a 629.331 |2 2011 | ||
| 080 | |a (085.3) |2 2011 | ||
| 245 | 0 | 0 | |a Spravodaj TAZ |b noviny zamestnancov TAZ a. s. Trnava |
| 260 | |a Trnava |b VedenieTAZ a ZV ZZO OH KOVO |c [1990-1997] | ||
| 260 | 2 | |3 5/1995-3/1996 |a Trnava |b Vedenie TAZ SIPOX a ZV ZZO OH KOVO | |
| 260 | 2 | |3 4/1996-10/1996 |a Trnava |b Vedenie TAZ SIPOX | |
| 260 | 3 | |3 1/1997-[1997] |a Trnava |b Vedenie TAZ | |
| 300 | |a 8 zv. |c 30 cm | ||
| 310 | |a 1x mesačne | ||
| 362 | |a [1990-1997] | ||
| 500 | |a Popis podľa: 1/1994 | ||
| 500 | |a Reg. číslo: ZsKNV ZKP-4 | ||
| 500 | |a Ved. red.:?-1997, E. Krištofovič | ||
| 500 | |a V novinách označené č. 1/1995, správne má byť č. 1/1997 | ||
| 610 | 2 | 7 | |a Trnavské automobilové závody (Trnava, Slovensko) |2 SNKKA |9 33467 |
| 650 | 0 | 7 | |a automobily |2 SNKPH |9 18879 |
| 655 | 7 | |a podnikové periodiká |2 SNKPH |9 132333 | |
| 710 | 2 | |a Trnavské automobilové závody (Trnava, Slovensko) |4 pbl |9 33467 | |
| 910 | |a ttkjf | ||
| 910 | |a snk | ||
| 999 | |c 4494 |d 6424 | ||
| 952 | |0 0 |1 0 |4 0 |7 0 |8 0 |a SNK |b SNK |d 2018-11-14 |i snk2018/23808 |l 0 |o snkČSB 6865/5(40)/1994 |p 17A1340182 |r 2026-02-21 22:06:02 |t č. 1-12 + mim. č. |w 2026-02-21 |y PREZ |z Mim. č.: Spravodaj TAZ - vydanie pre akcionárov TAZ a.s. Trnava | ||
| 952 | |0 0 |1 0 |4 0 |7 0 |8 0 |a SNK |b SNK |d 2018-11-15 |i snk2018/24029 |l 0 |o snkČSB 6865/6(41)/1995 |p 17A1340181 |r 2026-02-21 22:06:12 |t č. 1-12 + špec. vyd. |w 2026-02-21 |y PREZ |z Špec vyd.: Spravodaj TAZ - Kolektívna zmluva | ||
| 952 | |0 0 |1 0 |4 0 |7 0 |8 0 |a SNK |b SNK |d 2018-11-15 |i snk2018/24040 |l 0 |o snkČSB 6865/7(42)/1996 |p 17A1340180 |r 2026-02-21 22:06:12 |t č. 1-10 + zvláštné č. |w 2026-02-21 |y PREZ |z Zvláčtné č. Spravodaj TAZ - Kolektívna zmluva | ||
| 952 | |0 0 |1 0 |4 0 |7 0 |8 0 |a SNK |b SNK |d 2018-11-15 |i snk2018/24048 |l 0 |o snkČSB 6865/8(43)/1997 |p 17A1340179 |r 2026-02-21 22:06:12 |t č. 1-9 |w 2026-02-21 |y PREZ |z Označené č. 1/1995, správne má byť č. 1/1997 | ||


